LIBRARY & INFORMATION CENTRE, KCAET, TAVANUR

ONLINE PUBLIC ACCESS CATALOGUE (OPAC)

Pustak suchikaran kala / (Record no. 8230)

MARC details
000 -LEADER
fixed length control field 00736cam a2200193ua 4500
041 ## - LANGUAGE CODE
Language code of text/sound track or separate title hin
082 ## - DEWEY DECIMAL CLASSIFICATION NUMBER
Classification number 891.54
Item number DVA/PU
100 ## - MAIN ENTRY--AUTHOR NAME
Personal name Dwaraka Prasad, Shastri .
245 ## - TITLE STATEMENT
Title Pustak suchikaran kala /
250 ## - EDITION STATEMENT
Edition statement 1 /
260 ## - PUBLICATION, DISTRIBUTION, ETC. (IMPRINT)
Place of publication Ilahabad :
Name of publisher Dwaraka Prasad Shastri ,
Year of publication 1959.
300 ## - PHYSICAL DESCRIPTION
Number of Pages 151 ; .
942 ## - ADDED ENTRY ELEMENTS (KOHA)
Koha item type Books
Holdings
Withdrawn status Lost status Damaged status Home library Current library Date acquired Full call number Accession Number Koha item type
Withdrawn     KAUAET Sanskrit University 07/04/2012 891.54 9719 Books
free website counter